Kulturphilosophie zur Einfuhrung
Αποθηκεύτηκε σε:
| Κύριος συγγραφέας: | |
|---|---|
| Μορφή: | Βιβλίο |
| Γλώσσα: | German |
| Δημοσίευση: |
Hamburg :
Junius,
2003
|
| Θέματα: | |
| Ετικέτες: |
Προσθήκη ετικέτας
Δεν υπάρχουν, Καταχωρήστε ετικέτα πρώτοι!
|
MARC
| LEADER | 00000cam a2200000 i 4500 | ||
|---|---|---|---|
| 001 | 1/58327 | ||
| 008 | 040628s2003 ger d | ||
| 020 | |a 3-88506-382-4 | ||
| 035 | |l 10073925 | ||
| 040 | |a GR-MY-UA |b gre |e aacr | ||
| 041 | 0 | |a ger | |
| 082 | 0 | |a 306.01 | |
| 100 | 1 | |a Konersmann, Ralf. | |
| 245 | 1 | 0 | |a Kulturphilosophie zur Einfuhrung / |c Ralf Konersmann |
| 260 | |a Hamburg : |b Junius, |c 2003 | ||
| 300 | |a 189 p. | ||
| 504 | |a Includes bibliographical references | ||
| 650 | 0 | 0 | |a Culture. |
| 650 | 0 | 0 | |a Culture |x Philosophy. |
| 852 | |a INST |b RHODES |e 20040628 |h 306.01 KON |p 005400018721 |q 005400018721 |t BK |y 0 | ||
| 901 | |a BIBL4-2004-2 | ||
| 909 | |a Ρ |b 109780 | ||
| 970 | |a ΚΟΥΛΑΚΙΟΤΗ |b ΛΙΤΣΑ |z 2004/06/28 | ||